Preservation and management of library collections / (Record no. 134089)

MARC details
000 -LEADER
fixed length control field 00672nam a22002177a 4500
005 - DATE AND TIME OF LATEST TRANSACTION
control field 20170124110220.0
010 ## - LIBRARY OF CONGRESS CONTROL NUMBER
LC control number B-031029
020 ## - INTERNATIONAL STANDARD BOOK NUMBER
Terms of availability 675.00
International Standard Book Number 8170002702
035 ## - SYSTEM CONTROL NUMBER
System control number B-031029
037 ## - SOURCE OF ACQUISITION
Source of stock number/acquisition Cen Lib/Ret
040 ## - CATALOGING SOURCE
Original cataloging agency DPL
Language of cataloging EN
082 ## - DEWEY DECIMAL CLASSIFICATION NUMBER
Classification number 025
Item number BAJ
100 ## - MAIN ENTRY--PERSONAL NAME
Personal name Bajpai, S.K.
9 (RLIN) 39753
245 ## - TITLE STATEMENT
Title Preservation and management of library collections /
Statement of responsibility, etc by S.K. Bajpai
260 ## - PUBLICATION, DISTRIBUTION, ETC. (IMPRINT)
Place of publication, distribution, etc New Delhi
Name of publisher, distributor, etc Ess Ess Publications
Date of publication, distribution, etc 1999
270 ## - ADDRESS
Address 4837/24, ansari road, dariya ganj
City New Delhi
Postal code 110002
300 ## - PHYSICAL DESCRIPTION
Extent vi, 322p.
Dimensions 21cm(Hb)
650 ## - SUBJECT ADDED ENTRY--TOPICAL TERM
Topical term or geographic name as entry element Library science
9 (RLIN) 39754
650 ## - SUBJECT ADDED ENTRY--TOPICAL TERM
Topical term or geographic name as entry element Preservation policy
9 (RLIN) 39755
942 ## - ADDED ENTRY ELEMENTS (KOHA)
Source of classification or shelving scheme Dewey Decimal Classification
Koha item type English Books
Classification part 025
Call number suffix BAJ
Holdings
Withdrawn status Lost status Source of classification or shelving scheme Damaged status Not for loan Home library Current library Date acquired Source of acquisition Cost, normal purchase price Total Checkouts Full call number Barcode Date last seen Date checked out Copy number Cost, replacement price Price effective from Koha item type Collection code
    Dewey Decimal Classification     Central Library Central Library 28/07/2015 Cen Lib/Ret 675.00 2 025 BAJ B-031029 28/10/2021 21/09/2021 1 675.00 28/07/2015 English Books  
    Dewey Decimal Classification   Not For Loan Central Library Central Library 01/12/2016 Cen Lib/Ret 675.00   025 BAJ B-031030 01/12/2016   2 675.00 01/12/2016 English Books Reference

© Delhi Public Library
Hit Counter
free hit counter